<?xml version="1.0" encoding="UTF-8"?>
<record
    xmlns:xsi="http://www.w3.org/2001/XMLSchema-instance"
    xsi:schemaLocation="http://www.loc.gov/MARC21/slim http://www.loc.gov/standards/marcxml/schema/MARC21slim.xsd"
    xmlns="http://www.loc.gov/MARC21/slim">

  <leader>00580nam a22001817a 4500</leader>
  <controlfield tag="008">100418s1989    ua||||||r|||  000 0aara d </controlfield>
  <datafield tag="020" ind1=" " ind2=" ">
    <subfield code="a">9770507555</subfield>
  </datafield>
  <datafield tag="082" ind1=" " ind2=" ">
    <subfield code="2">22</subfield>
    <subfield code="a">335.4092</subfield>
    <subfield code="b">&#x62D; &#x62C; &#x64A;</subfield>
  </datafield>
  <datafield tag="100" ind1=" " ind2=" ">
    <subfield code="9">13589</subfield>
    <subfield code="a">&#x62D;&#x62C;&#x64A;&#x60C; &#x637;&#x627;&#x631;&#x642;</subfield>
  </datafield>
  <datafield tag="245" ind1=" " ind2=" ">
    <subfield code="a">&#x623;&#x641;&#x643;&#x627;&#x631; &#x645;&#x627;&#x631;&#x643;&#x633;&#x64A;&#x629; &#x641;&#x64A; &#x627;&#x644;&#x645;&#x64A;&#x632;&#x627;&#x646; /</subfield>
    <subfield code="c">&#x637;&#x627;&#x631;&#x642; &#x62D;&#x62C;&#x64A;</subfield>
  </datafield>
  <datafield tag="250" ind1=" " ind2=" ">
    <subfield code="a">&#x637; 4</subfield>
  </datafield>
  <datafield tag="260" ind1=" " ind2=" ">
    <subfield code="a">&#x627;&#x644;&#x642;&#x627;&#x647;&#x631;&#x629; :</subfield>
    <subfield code="b">&#x646;&#x647;&#x636;&#x629; &#x645;&#x635;&#x631; &#x60C; 1989</subfield>
    <subfield code="c">1989</subfield>
  </datafield>
  <datafield tag="300" ind1=" " ind2=" ">
    <subfield code="a">292 &#x635;&#x61B;</subfield>
    <subfield code="c">20 &#x633;&#x645;</subfield>
  </datafield>
  <datafield tag="650" ind1=" " ind2=" ">
    <subfield code="9">8522</subfield>
    <subfield code="a">&#x627;&#x644;&#x627;&#x634;&#x62A;&#x631;&#x627;&#x643;&#x64A;&#x629;</subfield>
  </datafield>
  <datafield tag="650" ind1=" " ind2=" ">
    <subfield code="9">13590</subfield>
    <subfield code="a">&#x627;&#x644;&#x634;&#x64A;&#x648;&#x639;&#x64A;&#x629;</subfield>
  </datafield>
  <datafield tag="700" ind1=" " ind2=" ">
    <subfield code="9">13592</subfield>
    <subfield code="a">&#x645;&#x627;&#x631;&#x643;&#x633;&#x60C; &#x643;&#x627;&#x631;&#x644; </subfield>
    <subfield code="d">1818-1883</subfield>
  </datafield>
  <datafield tag="942" ind1=" " ind2=" ">
    <subfield code="2">ddc</subfield>
    <subfield code="c">BB</subfield>
  </datafield>
  <datafield tag="999" ind1=" " ind2=" ">
    <subfield code="c">13904</subfield>
    <subfield code="d">13904</subfield>
  </datafield>
  <datafield tag="952" ind1=" " ind2=" ">
    <subfield code="0">0</subfield>
    <subfield code="1">0</subfield>
    <subfield code="2">ddc</subfield>
    <subfield code="4">0</subfield>
    <subfield code="7">0</subfield>
    <subfield code="8"> </subfield>
    <subfield code="a">MAIN</subfield>
    <subfield code="b">MAIN</subfield>
    <subfield code="c">1ST</subfield>
    <subfield code="d">2010-04-18</subfield>
    <subfield code="e">purchase</subfield>
    <subfield code="o">335.4092 &#x62D;&#x62C;&#x64A;</subfield>
    <subfield code="p">000020673</subfield>
    <subfield code="r">2025-07-15 00:00:00</subfield>
    <subfield code="s">2014-09-07</subfield>
    <subfield code="y">BB</subfield>
  </datafield>
</record>
